000 00310nam a22001217a 4500
999 _c9199
_d9199
003 OSt
005 20210114151221.0
008 210109b ||||| |||| 00| 0 eng d
040 _cDDC
100 _aBarnes, Albert
245 _aNotes on the Old Testament : Explanatory and Practical
_bJOB / VOL 1
942 _2ddc
_cBK